000 01554nam a2200301 4500
001 0000024125
003 CO-CtgCURN
005 20250331185226.0
007 ta
008 160627s2012 000 0 eng d
020 _a9788572889230
040 _aCO-CtgCURN
_bspa
_ccoctgcurn
082 0 _a617.634
_bR374
245 0 0 _aReintervencion en endodoncia /
_cMario Luis Zuolo ... [et al.] , traductores, Ana Rachel Salgado, Marlon Pereira Gazabon.
260 _aSÆo Paulo :
_bSantos,
_c2012.
300 _axiii, 274 p.
336 _2rdacontent
337 _2rdamedia
_asin mediacion
_bn
338 _2rdacarrier
_avolumen
_bnc
500 _aIncluye indice \ Titulo en portugues: Reinterven Æo em endodontia.
504 _aIncluye bibliografia al final de cada capitulo.
505 8 _aIntroducción -- Selección de casos no quirurgicos -- Avances tecnologicos en endodoncia -- Reintervencion: Fase de acceso I -- Reintervencion: Fase de acceso II -- Reintervencion: Fase de desobturacion I - Remocion de gutapercha -- Reintervencion: Fase de desobturacion II - Remocion de materiales solidos -- Reintervencion: Fase de repreparacion del sistema de conductos -- Reintervencion: Fase de reobturacion del sistema de conductos -- Resolucion de accidentes de procedimiento -- Reintervencion en casos especiales -- Restauracion post-reintervencion
650 1 4 _aEndodoncia.
700 1 _aZuolo, Mario Luis.
908 _a160627
942 _cBK
_h617.634
_iR374
_2ddc
999 _c23348
_d23348